000 00549nam a2200181Ia 4500
003 GCL
008 140319s9999 xx 000 0 ara d
040 _aGCL /
_cGCL
082 0 4 _a321.8
_bص ص
100 1 _aصلاح الدين حافظ
245 1 0 _aصدمة الديمقراطية /
_cصلاح الدين حافظ
300 _a276 ص
490 _aالهيئة العامة للاستعلامات
_v0
650 0 4 _aالسياسة
650 0 4 _aالديمقراطية
650 0 4 _aمصر - الاحوال السياسية
942 _2ddc
_cBK
999 _c49004
_d49004